Du lịch Việt Nam : Bắc Trung Bộ Tập 3

Sách trình bày tuần tự các khu du lịch đến các địa điểm du lịch vùng. Bộ sách thực sự là cẩm nang hữu ích đối với các hướng dẫn viên, các sinh viên chuyên ngành du lịch và những bạn đọc quan tâm tới du lịch, yêu khám phá và tìm tòi bởi n...

全面介紹

Đã lưu trong:
書目詳細資料
其他作者: Vũ Đình Hòa (Chủ biên), Trần Thị Nguyệt Quế, Phạm Tiến Dũng
格式: 圖書
語言:Vietnamese
出版: H. Chính trị Quốc gia 2017
主題:
標簽: 添加標簽
沒有標簽, 成為第一個標記此記錄!
Thư viện lưu trữ: Thư viện Trường Đại học Nam Cần Thơ
LEADER 01586nam a22002177a 4500
001 NCT_53004
008 181017b xxu||||| |||| 00| 0 vie d
999 |c 2538  |d 2538 
020 |a 9786045727492  |c 25000 
082 0 4 |2 23rd ed.  |a 915.97704  |b H401/T.3 
245 0 0 |a Du lịch Việt Nam :  |n Tập 3  |b Bắc Trung Bộ  |c Vũ Đình Hòa (chủ biên); ...[et al.] 
260 |a H.  |b Chính trị Quốc gia  |c 2017 
300 |a 80 tr.  |c 20cm 
520 |a Sách trình bày tuần tự các khu du lịch đến các địa điểm du lịch vùng. Bộ sách thực sự là cẩm nang hữu ích đối với các hướng dẫn viên, các sinh viên chuyên ngành du lịch và những bạn đọc quan tâm tới du lịch, yêu khám phá và tìm tòi bởi nó đã cung cấp một cách chi tiết và toàn diện những thông tin về tiềm năng phát triển du lịch Việt Nam, cũng như tiềm năng, giá trị của các điểm du lịch, khu du lịch quốc gia được xác định trong quy hoạch ở Việt Nam. 
653 |a Quàn trị DV Du lịch và Lữ hành 
700 1 |a Vũ Đình Hòa  |e Chủ biên 
700 1 |a Trần Thị Nguyệt Quế 
700 1 |a Phạm Tiến Dũng 
942 |2 ddc  |c BK 
952 |0 0  |1 0  |2 ddc  |4 0  |6 915_977040000000000_H401_T_3  |7 0  |9 14503  |a 000001  |b 000001  |d 2018-10-17  |o 915.97704 H401/T.3  |p MD.13664  |r 2018-10-17  |v 25000.00  |w 2018-10-17  |y BK 
980 |a Thư viện Trường Đại học Nam Cần Thơ